Los dos Mariscales
Saved in:
| Hovedforfatter: | |
|---|---|
| Format: | Bog |
| Sprog: | spansk |
| Udgivet: |
Buenos Aires
Sudamericana
1948
|
| Udgivelse: | 1a. ed |
| Serier: | Biografías
|
| Fag: | |
| Tags: |
Tilføj Tag
Ingen Tags, Vær først til at tagge denne postø!
|
MARC
| LEADER | 00000cam a2200000 a 4500 | ||
|---|---|---|---|
| 001 | UCD3123 | ||
| 003 | CL-VaPUC | ||
| 008 | 160526e19480000ag |||||||||||||||||spa|d | ||
| 082 | 0 | 4 | |a 940.28 |b GUE |2 21 |
| 100 | |a Guedalla, Philip |e author |9 586494 | ||
| 245 | 1 | 4 | |a Los dos Mariscales |
| 250 | |a 1a. ed | ||
| 300 | |a 387 p | ||
| 942 | |c BK | ||
| 945 | |d 20160526 21:26:00 |a dcastane | ||
| 260 | |a Buenos Aires |b Sudamericana |c 1948 | ||
| 650 | 0 | |a Historia de Europa |9 392003 | |
| 650 | 0 | |a Biografías |9 255210 | |
| 650 | 0 | |a Militares |9 336881 | |
| 583 | |a last modification |c 20170321 09:28:50 |k Rodrigo Vera | ||
| 490 | 0 | |a Biografías | |
| 999 | |c 364187 |d 364185 | ||
| 952 | |0 0 |1 0 |3 erd |4 0 |6 940_280000000000000_GUE_1948 |7 0 |8 A |9 477131 |a FDOHBE |b FDOHBE |e Villagrán Garnham, Jorge |i 530458K |o 940.28 GUE 1948 |p 530458K |r 2024-01-30 |w 2019-11-24 |y BK |z Catalogado en:20160526 |k HBE | ||